000 00341nam a2200121Ia 4500
008 231129s1990||||xx |||||||||||||| ||spa||
082 _aHAJ- 0272
100 _aCaicedo de Cajigas Cecilia
245 0 _aOrigen de la literatura colombiana: El Yurupary
260 _c1990
264 _aPereira: Gráficas Olí­mpica 1990
942 _2ddc
_cBKS
999 _c22181
_d22181